|
|
|
|
| LEADER |
01548cas a2200241 a 4500 |
| 001 |
AALejournalIMF010088 |
| 008 |
230101c9999 xx r poo 0 0eng d |
| 020 |
|
|
|c 5.00 USD
|
| 020 |
|
|
|z 9781451969849
|
| 022 |
|
|
|a 1018-5941
|
| 040 |
|
|
|a BD-DhAAL
|c BD-DhAAL
|
| 110 |
2 |
|
|a International Monetary Fund.
|
| 245 |
1 |
2 |
|a A Forward-Looking Macroeconomic Simulation Model for a Developing Country.
|
| 264 |
|
1 |
|a Washington, D.C. :
|b International Monetary Fund,
|c 1989.
|
| 300 |
|
|
|a 1 online resource (48 pages)
|
| 490 |
1 |
|
|a IMF Working Papers
|
| 500 |
|
|
|a <strong>Off-Campus Access:</strong> No User ID or Password Required
|
| 500 |
|
|
|a <strong>On-Campus Access:</strong> No User ID or Password Required
|
| 506 |
|
|
|a Electronic access restricted to authorized BRAC University faculty, staff and students
|
| 520 |
3 |
|
|a The paper develops a small dynamic macroeconomic simulation model for a representative developing country which relies on familiar macroeconomic theory and in which expectations are formed rationally. The model is useful for the analysis and simulation of important policy questions in a general-equilibrium setting. Several policy experiments are conducted which illustrate the workings of the model and yield fresh insights into the effects of standard macroeconomic policies in developing countries.
|
| 538 |
|
|
|a Mode of access: Internet
|
| 830 |
|
0 |
|a IMF Working Papers; Working Paper ;
|v No. 1989/053
|
| 856 |
4 |
0 |
|z Full text available on IMF
|u http://elibrary.imf.org/view/journals/001/1989/053/001.1989.issue-053-en.xml
|z IMF e-Library
|